Statistiken für Afrika Karten-Quiz

Klicken Sie hier um das Quiz zu spielen!

Allgemein

  • Dieses Quiz wurde 18.195 mal gespielt
  • Das Durchschnittsergebnis liegt bei 38 aus 54

Antworten auf der Karte

Die Antworten werden auf der Karte rot bzw. grün angezeigt, abhängig davon wie oft sie richtig erraten wurden.
Laden ...
 

Antwortstatistiken

Antwort% Korrekt
Ägypten
95%
Marokko
93%
Algerien
92%
Tunesien
91%
Südafrika
89%
Libyen
89%
Madagaskar
87%
Sudan
84%
Somalia
81%
Südsudan
79%
Tschad
78%
Äthiopien
78%
Zentralafrikanische Republik
76%
Eswatini
76%
Demokratische Republik Kongo
75%
Eritrea
75%
Namibia
74%
Niger
73%
Angola
73%
Lesotho
72%
Dschibuti
72%
Mauretanien
71%
Kenia
71%
Mosambik
70%
Kap Verde
70%
Tansania
69%
Elfenbeinküste
69%
Mali
69%
Nigeria
69%
Togo
67%
São Tomé und Príncipe
67%
Mauritius
66%
Botswana
66%
Uganda
65%
Äquatorialguinea
64%
Senegal
64%
Ruanda
64%
Kamerun
64%
Seychellen
63%
Ghana
63%
Malawi
63%
Burkina Faso
62%
Komoren
61%
Republik Kongo
61%
Burundi
61%
Simbabwe
60%
Guinea-Bissau
57%
Benin
56%
Gambia
55%
Sierra Leone
55%
Sambia
55%
Gabun
54%
Liberia
53%
Guinea
53%

Verteilung der Resultate

Perzentil nach korrekt beantworteten Fragen

Anzahl Personen mit jedem Resultat

Ihre Resultats-Entwicklung

Sie haben dieses Quiz noch nicht gespielt